01658nam a2200361 a 4500001001200000003000800012006001900020007001500039008004100054010001700095020003600112020003500148020003800183020002700221040002100248035002100269043001200290050002400302082002200326100002600348245014500374260005300519300002300572500004600595504005600641505020800697533015200905650003701057650003001094655002901124710001701153856012601170ebr10746267CaPaEBRm o u cr cn|||||||||010706s2001 nyua sb 000 0deng d z 2001004057 z0801439515 (cloth : alk. paper) z080148748X (pbk. : alk. paper) z9780801487484 (pbk. : alk. paper) z9780801469862 (e-book) aCaPaEBRcCaPaEBR a(OCoLC)606679781 anwht---14aHQ1511b.B45 2001eb04a305.42/0972942211 aBell, Beverly,d1962-10aWalking on fireh[electronic resource] :bHaitian women's stories of survival and resistance /cBeverly Bell ; foreword by Edwidge Danticat. aIthaca, N.Y. :bCornell University Press,c2001. axx, 258 p. :bill. aFirst printing, Cornell Paperbacks, 2001. aIncludes bibliographical references (p. [251]-258).0 aResistance in survival -- Resistance as expression -- Resistance for political and economic change -- Resistance for gender justice -- Resistance transforming power -- Epilogue: resistance as solidarity. aElectronic reproduction.bPalo Alto, Calif. :cebrary,d2013.nAvailable via World Wide Web.nAccess may be limited to ebrary affiliated libraries. 0aWomenzHaitixSocial conditions. 0aWomenzHaitivInterviews. 7aElectronic books.2local2 aebrary, Inc.40uhttp://site.ebrary.com/lib/rucke/Doc?id=10746267zAn electronic book accessible through the World Wide Web; click to view